| 000 | 00454cam a2200181 4500 | ||
|---|---|---|---|
| 008 | 090401t2005 xxu||||| |||| 00| 0 eng d | ||
| 020 | _a0750618469 | ||
| 035 | _a(Sirsi) u96959 | ||
| 041 | _aeng | ||
| 100 | _aWheeler, R.J. | ||
| 245 | _aBuilding quantities: worked examples part 2. | ||
| 260 |
_bButterworth-Heinemann Ltd _c2005 |
||
| 350 | _a18.50 | ||
| 520 | _aNot yet published | ||
| 700 | _aClark, A.V. | ||
| 942 | _n0 | ||
| 948 | _c04/03/1997 | ||
| 999 |
_c98742 _d98742 |
||